Đất, phân & cây lúa Đồng bằng sông Cửu Long trong canh tác thích nghi

Sách gồm 4 phần: Đặc tính của đất, khoa học công nghệ làm gia tăng giá trị sản xuất cây trồng, chiến lược khoa học công nghệ sản xuất cây trồng hiệu quả cao và sản xuất nông nghiệp thích nghi với vùng sinh thái....

ver descrição completa

Na minha lista:
Detalhes bibliográficos
Autor principal: Nguyễn, Văn Luật
Formato: Livro
Idioma:Undetermined
Publicado em: Hà Nội Nông nghiệp 2018
Assuntos:
Tags: Adicionar Tag
Sem tags, seja o primeiro a adicionar uma tag!
Thư viện lưu trữ: Trung tâm Học liệu Trường Đại học Cần Thơ
LEADER 00925nam a2200205Ia 4500
001 CTU_230995
008 210402s9999 xx 000 0 und d
020 |c 98000 
082 |a 633.18 
082 |b L504 
100 |a Nguyễn, Văn Luật 
245 0 |a Đất, phân & cây lúa Đồng bằng sông Cửu Long trong canh tác thích nghi 
245 0 |c Nguyễn Văn Luật 
260 |a Hà Nội 
260 |b Nông nghiệp 
260 |c 2018 
520 |a Sách gồm 4 phần: Đặc tính của đất, khoa học công nghệ làm gia tăng giá trị sản xuất cây trồng, chiến lược khoa học công nghệ sản xuất cây trồng hiệu quả cao và sản xuất nông nghiệp thích nghi với vùng sinh thái. 
650 |a Lúa,Rice 
910 |b nthai 
980 |a Trung tâm Học liệu Trường Đại học Cần Thơ